| 000 | 00496nam a22001577a 4500 | ||
|---|---|---|---|
| 999 |
_c9269 _d9269 |
||
| 008 | 210401b ||||| |||| 00| 0 eng d | ||
| 040 | _aBMS College of Architecture | ||
| 100 | _aCleetus, Phyllis, Lumina | ||
| 245 | _aChurch and theological college Bangalore | ||
| 300 | _aNA | ||
| 500 | _a1BM00AT012 | ||
| 502 |
_8B.Arch _NBMS College of Architecture, Visvesvaraya Technological University _aProject report _d2004 |
||
| 650 | _aChurch | ||
| 700 |
_aPushpa Devanathan _eGuide |
||
| 942 |
_2ddc _cTHE |
||